Data communications and networking Vol.1 (Record no. 484049)

MARC details
000 -LEADER
fixed length control field 00584nam a2200205Ia 4500
008 - FIXED-LENGTH DATA ELEMENTS--GENERAL INFORMATION
fixed length control field 210417s9999 xx 000 0 und d
020 ## - INTERNATIONAL STANDARD BOOK NUMBER
International Standard Book Number 9781632401335
-- 1632401339
082 ## - DEWEY DECIMAL CLASSIFICATION NUMBER
Classification number 004.6 VIN
Item number 22.004.6 VIN.0.1
245 #0 - TITLE STATEMENT
Title Data communications and networking Vol.1
Statement of responsibility, etc. Data communications and networking Vol 1
250 ## - EDITION STATEMENT
Edition statement 1st ed.
Remainder of edition statement "1 v. (vii, 168p.) : col.ill. ; 26cm., hbk."
260 ## - PUBLICATION, DISTRIBUTION, ETC.
Place of publication, distribution, etc. New Jersey
Name of publisher, distributor, etc. Clanrye International
Date of publication, distribution, etc. 2015
700 ## - ADDED ENTRY--PERSONAL NAME
Personal name "Vine, Michelle"
Numeration edited by Michelle Vine
Holdings
Withdrawn status Lost status Source of classification or shelving scheme Damaged status Not for loan Home library Current library Shelving location Date acquired Total Checkouts Full call number Barcode Date last seen Cost, replacement price Price effective from Koha item type
    Dewey Decimal Classification     Anna Centenary Library Anna Centenary Library 3RD FLOOR, A WING 17.04.2021   004.6 VIN 603759 05.03.2026 6664.00 17.04.2021 Reference

Find us on the map